000 01251nam0a2200337 4500
001 RU\NLR\bibl\1819764
005 20250616160424.0
010 _a978-5-399-00257-6
_94000
021 _aRU
_b2011-70872
_95019
035 _a(NLR Aleph) 001810331
090 _a1862503
_c1862503
100 _a20111012d2011 |||y0rusy50 ca
101 1 _arus
_ceng
102 _aRU
105 _aa |||||||||
200 1 _aОдна душа, одна любовь, одно сердце
_fДжон Велшонс
_g[пер. с англ. В. Воробьева]
210 _a[Москва]
_cСофия
_d2011
215 _a318, [1] с.
_d20
300 _aЗагл. и авт. ориг.: One soul, one love, one heart / John Welshons
320 _aБиблиогр.: с. 314-316
320 _aДр. работы авт. в конце кн.
454 0 _12001#$aOne soul, one love, one heart
_1700#1$aWelshons$bJ.$gJohn$4070
_tOne soul, one love, one heart
_aWelshons, John
606 1 _aВера религиозная
_91268905
_3RU\NLR\auth\66204292
686 _aЭ243.32
700 1 _aВелшонс
_bД.
_gДжон
_4070
801 0 _aRU
_bNLR
_c20111012
_gRCR
801 1 _aRU
_bNLR
_c20111012
942 _cBOOK
980 _aNB
980 _aNBR